00304nam a2200109Ia 4500008004100000100002400041245002400065245002500089260000900114650002000123856005100143160609s9999 xx 000 0 und d aGumster, Jason van. aBlender For Dummies cBy:Jason van Gumster c2015 xFLASH ANIMATION uhttp://file.ebook777.com/008/9781119039532.pdf